Statistics for Arizona Former and Current Municipalities

Click here to take the quiz!

General Stats

  • This quiz has been taken 2 times
  • The average score is 19 of 680

Answer Stats

Municipality% Correct
Mesa
100%
Phoenix
100%
Tucson
100%
Yuma
100%
Allen
50%
Alto
50%
Arlington
50%
Chandler
50%
Drake
50%
Fairbank
50%
Flagstaff
50%
Florence
50%
Gilbert
50%
Goodyear
50%
Kingman
50%
Lake Havasu City
50%
Liberty
50%
Maricopa
50%
Naco
50%
Nogales
50%
Roosevelt
50%
San Jose
50%
San Manuel
50%
San Miguel
50%
San Rafael
50%
Santa Cruz
50%
Santa Rosa
50%
Scottsdale
50%
South Tucson
50%
Summit
50%
Valle
50%
Williams
50%
Adamana
0%
Adamsville
0%
Agua Caliente
0%
Aguila
0%
Ajo
0%
Ak Chin
0%
Ak-Chin Village
0%
Alamo Crossing
0%
Alamo Lake
0%
Alexandra
0%
Algert
0%
Ali Ak Chin
0%
Ali Chuk
0%
Ali Chukson
0%
Ali Molina
0%
Ali Oidak
0%
Allentown
0%
Alma
0%
Alpine
0%
Amado
0%
American Flag
0%
American Ranch
0%
Anegam
0%
Angel Camp
0%
Antares
0%
Anthem
0%
Apache Junction
0%
Apron Crossing
0%
Aravaipa
0%
Arivaca
0%
Arivaca Junction
0%
Arizona City
0%
Arizona Village
0%
Ash Fork
0%
Aubrey Landing
0%
Aura
0%
Avenue B and C
0%
Avondale
0%
Avra Valley
0%
Aztec
0%
Bagdad
0%
Bannon
0%
Bapchule
0%
Bear Flat
0%
Beaver Dam
0%
Beaver Valley
0%
Bellemont
0%
Bellevue
0%
Benson
0%
Beyerville
0%
Big Bug
0%
Big Springs
0%
Bisbee
0%
Bitter Springs
0%
Black Canyon City
0%
Black Diamond
0%
Black Mesa
0%
Blackwater
0%
Blue
0%
Blue Gap
0%
Bluewater
0%
Bonita
0%
Bouse
0%
Bowie
0%
Boyles
0%
Bradshaw City
0%
Brenda
0%
Brigham City
0%
Bryce
0%
Buckeye
0%
Buckshot
0%
Bullhead City
0%
Bumble Bee
0%
Burnside
0%
Bylas
0%
Cactus Flats
0%
Cactus Forest
0%
Calabasas
0%
Cameron
0%
Camp Crittenden
0%
Campo Bonito
0%
Camp Reno
0%
Camp Verde
0%
Cane Beds
0%
Canelo
0%
Canyon Day
0%
Canyon Diablo
0%
Carefree
0%
Carrizo
0%
Casa Adobes
0%
Casa Blanca
0%
Casa Grande
0%
Cascabel
0%
Castle Dome
0%
Castle Dome Landing
0%
Catalina
0%
Catalina Foothills
0%
Catoctin
0%
Cave Creek
0%
Cedar
0%
Cedar Creek
0%
Centennial Park
0%
Central
0%
Central Heights-Midland City
0%
Cerbat
0%
Cerro Colorado
0%
Chambers
0%
Chandler Heights
0%
Chaparral
0%
Charco
0%
Charleston
0%
Cherry
0%
Chiawuli Tak
0%
Chilchinbito
0%
Childs
0%
Chinle
0%
Chino Valley
0%
Chloride
0%
Christopher Creek
0%
Chuichu
0%
Cibecue
0%
Cibola
0%
Cienega Springs
0%
Circle City
0%
Citrus Park
0%
Clacks Canyon
0%
Clarkdale
0%
Claypool
0%
Clay Springs
0%
Cleator
0%
Clemenceau
0%
Clifton
0%
Cochise
0%
Cochran
0%
Colorado City
0%
Comobabi
0%
Concho
0%
Congress
0%
Contention City
0%
Coolidge
0%
Copper Creek
0%
Copper Hill
0%
Cordes
0%
Cordes Lakes
0%
Cornfields
0%
Cornville
0%
Corona de Tucson
0%
Cortaro
0%
Cottonwood
0%
Courtland
0%
Cowlic
0%
Crown King
0%
Crozier
0%
Crystal Beach
0%
Curtis
0%
Cutter
0%
Dateland
0%
Deer Creek
0%
Del Muerto
0%
Dennehotso
0%
Desert Hills
0%
Desert Hills, Maricopa County
0%
Dewey-Humboldt
0%
Dilkon
0%
Dolan Springs
0%
Dome
0%
Doney Park
0%
Donovan Estates
0%
Dos Cabezas
0%
Douglas
0%
Dragoon
0%
Dreamland Villa
0%
Drexel Heights
0%
Dripping Springs
0%
Drysdale
0%
Dudleyville
0%
Duncan
0%
Duquesne
0%
Eagar
0%
East Fork
0%
East Globe
0%
East Verde Estates
0%
Eden
0%
Ehrenberg
0%
El Capitan
0%
Elephant Head
0%
Elfrida
0%
Elgin
0%
El Mirage
0%
Eloy
0%
El Prado Estates
0%
First Mesa
0%
Flowing Springs
0%
Flowing Wells
0%
Forest Lakes
0%
Fort Apache
0%
Fort Buchanan
0%
Fort Defiance
0%
Fort Mohave
0%
Fort Thomas
0%
Fortuna
0%
Fortuna Foothills
0%
Fort Valley
0%
Fountain Hills
0%
Franklin
0%
Fredonia
0%
Freedom Acres
0%
Gadsden
0%
Galeyville
0%
Ganado
0%
Geronimo
0%
Geronimo Estates
0%
Gila Bend
0%
Gila City
0%
Gila Crossing
0%
Gillett
0%
Gisela
0%
Gleeson
0%
Glendale
0%
Globe
0%
Gold Canyon
0%
Golden Shores
0%
Golden Valley
0%
Goldfield
0%
Goldroad
0%
Goodyear Village
0%
Grand Canyon Village
0%
Grand Canyon West
0%
Grasshopper Junction
0%
Gray Mountain
0%
Greasewood
0%
Green Valley
0%
Greer
0%
Groom Creek
0%
Guadalupe
0%
Gu Oidak
0%
Guthrie
0%
Hackberry
0%
Haigler Creek
0%
Haivana Nakya
0%
Happy Jack
0%
Hard Rock
0%
Hardyville
0%
Harshaw
0%
Hayden
0%
Heber-Overgaard
0%
Helvetia
0%
Hereford
0%
Hilltop
0%
Holbrook
0%
Hondah
0%
Hope
0%
Hotevilla-Bacavi
0%
Houck
0%
House Rock
0%
Huachuca City
0%
Hunter Creek
0%
Hunters Point
0%
Hyder
0%
Icehouse Canyon
0%
Indian Wells
0%
Inspiration
0%
Iron Springs
0%
Jacob Lake
0%
Jakes Corner
0%
Jeddito
0%
Jerome
0%
Jerome Junction
0%
Johnson
0%
Joseph City
0%
Kachina Village
0%
Kaibab
0%
Kaibito
0%
Kaka
0%
Katherine
0%
Kayenta
0%
Keams Canyon
0%
Kearny
0%
Kelvin
0%
Kentucky Camp
0%
Kino Springs
0%
Kirkland
0%
Klagetoh
0%
Klondyke
0%
Kofa
0%
Kohatk
0%
Kohls Ranch
0%
Komatke
0%
Ko Vaya
0%
Kykotsmovi Village
0%
Lake Montezuma
0%
Lake of the Woods
0%
La Laguna
0%
La Paz
0%
La Paz Valley
0%
Laveen, Phoenix
0%
Lazy Y U
0%
LeChee
0%
Leupp
0%
Linden
0%
Litchfield Park
0%
Littlefield
0%
Littletown
0%
Lochiel
0%
Lower Santan Village
0%
Low Mountain
0%
Lukachukai
0%
Lukeville
0%
Lupton
0%
Magma
0%
Maish Vaya
0%
Mammoth
0%
Many Farms
0%
Marana
0%
Marble Canyon
0%
Maricopa Colony
0%
Marinette
0%
Martinez Lake
0%
Mayer
0%
McConnico
0%
McMillenville
0%
McNary
0%
McNeal
0%
Mead Ranch
0%
Meadview
0%
Mesa del Caballo
0%
Mescal
0%
Mesquite Creek
0%
Metcalf
0%
Mexican Water
0%
Miami
0%
Millville
0%
Miracle Valley
0%
Moccasin
0%
Moenkopi
0%
Mohave City
0%
Mohave Valley
0%
Mohawk
0%
Mojave Ranch Estates
0%
Morenci
0%
Morristown
0%
Mountainaire
0%
Mowry
0%
Mt. Trumbull
0%
Munds Park
0%
Navajo Springs
0%
Nazlini
0%
Nelson
0%
New Kingman-Butler
0%
New River
0%
Nolic
0%
North Fork
0%
North Rim
0%
Nutrioso
0%
Oak Springs
0%
Oatman
0%
Obed
0%
Octave
0%
Old Columbine
0%
Oljato-Monument Valley
0%
Oracle
0%
Oraibi
0%
Orange Grove Mobile Manor
0%
Oro Blanco
0%
Oro Valley
0%
Oroville
0%
Owl
0%
Oxbow Estates
0%
Padre Ranchitos
0%
Page
0%
Palominas
0%
Pantano
0%
Paradise
0%
Paradise Valley
0%
Parker
0%
Parker Strip
0%
Parks
0%
Patagonia
0%
Paulden
0%
Payson
0%
Peach Springs
0%
Pearce
0%
Pedrick's
0%
Peeples Valley
0%
Peoria
0%
Peridot
0%
Picacho
0%
Picture Rocks
0%
Piedmont
0%
Pima
0%
Pimaco Two
0%
Pinal
0%
Pinal City
0%
Pine
0%
Pinedale
0%
Pine Lake
0%
Pinetop Country Club
0%
Pinetop-Lakeside
0%
Pinion
0%
Pinion Pines
0%
Pink Arrow
0%
Pirtleville
0%
Pisinemo
0%
Polacca
0%
Poston
0%
Prescott
0%
Prescott Valley
0%
Punkin Center
0%
Quartzsite
0%
Queen Creek
0%
Queen Valley
0%
Rainbow City
0%
Rainbow Valley
0%
Rancho Mesa Verde
0%
Rare Metals
0%
Ray
0%
Redington
0%
Red Mesa
0%
Red Rock
0%
Reymert
0%
Rillito
0%
Rincon Valley
0%
Rio Rico
0%
Rio Verde
0%
Robles Junction
0%
Rock House
0%
Rock Point
0%
Roll
0%
Rosemont
0%
Rough Rock
0%
Round Rock
0%
Round Valley
0%
Ruby
0%
Rye
0%
Sacate Village
0%
Sacaton
0%
Sacaton Flats Village
0%
Sacaton (village)
0%
Saddlebrooke
0%
Safford
0%
Sahuarita
0%
Salero
0%
Salome
0%
San Carlos
0%
Sanders
0%
San Luis
0%
San Simon
0%
Santa Claus
0%
San Tan Valley
0%
Sasabe
0%
Sasco
0%
Sawmill
0%
Scenic
0%
Seba Dalkai
0%
Second Mesa
0%
Sedona
0%
Sehili
0%
Seligman
0%
Sells
0%
Seneca
0%
Seven Mile
0%
Shongopovi
0%
Shonto
0%
Show Low
0%
Sierra Vista
0%
Sierra Vista Southeast
0%
Signal
0%
Simmons
0%
Six Shooter Canyon
0%
Skull Valley
0%
Snowflake
0%
Socatoon Station
0%
So-Hi
0%
Solomon
0%
Somerton
0%
Sonoita
0%
South Komelik
0%
Spenazuma
0%
Springerville
0%
Spring Valley
0%
Stanfield
0%
Stanton
0%
Stanwix Station
0%
Star Valley
0%
St. David
0%
Steamboat
0%
St. Johns
0%
St. Michaels
0%
Stoddard
0%
Stotonic Village
0%
Strawberry
0%
Summerhaven
0%
Sun City
0%
Sun City West
0%
Sunflower
0%
Sunizona
0%
Sun Lakes
0%
Sunset
0%
Sun Valley
0%
Sunwest
0%
Supai
0%
Superior
0%
Surprise
0%
Swansea
0%
Sweet Water Village
0%
Swift Trail Junction
0%
Tacna
0%
Tanque Verde
0%
Tat Momoli
0%
Taylor
0%
Teec Nos Pos
0%
Tees Toh
0%
Tempe
0%
Thatcher
0%
Theba
0%
Three Points
0%
Three Way
0%
Tiger
0%
Tip Top
0%
Tolani Lake
0%
Tolleson
0%
Tombstone
0%
Tonalea
0%
Tonopah
0%
Tonto Basin
0%
Tonto Village
0%
Topawa
0%
Topock
0%
Top-of-the-World
0%
Tortilla Flat
0%
Total Wreck
0%
Toyei
0%
Tres Alamos
0%
Truxton
0%
Tsaile
0%
Tubac
0%
Tuba City
0%
Tucson Estates
0%
Tumacacori-Carmen
0%
Turkey Creek
0%
Tusayan
0%
Twin Buttes
0%
Upper Santan Village
0%
Utting
0%
Vail
0%
Vaiva Vo
0%
Valencia West
0%
Valentine
0%
Valle Vista
0%
Ventana
0%
Verde Village
0%
Vernon
0%
Vicksburg
0%
Village of Oak Creek
0%
Vulture City
0%
Waddell
0%
Wagon Wheel
0%
Wahak Hotrontk
0%
Walapai
0%
Wall Lane
0%
Walnut Creek
0%
Washington Camp
0%
Washington Park
0%
Weaver
0%
Webb
0%
Wellton
0%
Wellton Hills
0%
Wenden
0%
Wet Camp Village
0%
Wheatfields
0%
Whetstone
0%
Whispering Pines
0%
White Clay
0%
Whitecone
0%
White Hills
0%
White Mountain Lake
0%
Whiteriver
0%
Why
0%
Wickenburg
0%
Wide Ruins
0%
Wikieup
0%
Wilford
0%
Wilhoit
0%
Willcox
0%
Williamson
0%
Willow Canyon
0%
Willow Valley
0%
Window Rock
0%
Winkelman
0%
Winona
0%
Winslow
0%
Winslow West
0%
Wintersburg
0%
Wittmann
0%
Wolf Hole
0%
Woodruff
0%
Yarnell
0%
York
0%
Young
0%
Youngberg
0%
Youngtown
0%
Yucca
0%
Zeniff
0%

Score Distribution

Percentile by Number Answered

Percent of People with Each Score

Your Score History

You have not taken this quiz